000 00985nam a2200289 i 4500
003 EG-GICUC
005 20260130010537.0
008 260130s1969 ua ||||fr|||| 00| 0 ara d
040 _a EG-GICUC
_bara
_c EG-GICUC
_d EG-GICUC
_erda
041 0 _aara
082 0 4 _221
_a342.4
_bي ح . أ
092 0 4 _221
099 _aLaw1 08 342.4 ي ح . أ 1969
100 0 _aيحيى الجمل
_eمؤلف.
245 1 0 _aالأنظمة السياسية المعاصرة /
_cدكتور يحيى الجمل.
264 1 _aالقاهرة :
_bدار النهضة العربية،
_c1969.
300 _a325 ؛ صفحة
_c24 سم.
336 _2rda content
_atext
337 _2rda media
_aComputer
338 _2rda carrier
_aOnline Resource
546 _aالنص باللغة العربية
650 1 4 _aالنظم السياسية
650 1 4 _aالقانون الإداري
856 4 0 _uhttps://fll.law.cu.edu.eg/fulltext/bks/B08-04339.pdf
905 _a77
942 _2ddc
_n0
_cBK
_e21
999 _c60097
_d60097